Guess the 1960s song lyrics #174 - Statistics

General Stats
  • This quiz has been taken 21 times
  • The average score is 170 of 238
Answer Stats
Answer % Correct
for
95%
me
95%
the
95%
can
89%
Can
89%
he
89%
last
89%
You
89%
you
89%
And
84%
and
84%
be
84%
Go
84%
go
84%
I
84%
Save
84%
So
84%
so
84%
Who
84%
dance
79%
in
79%
love
79%
we
79%
when
79%
But
74%
no
74%
who's
74%
your
74%
darlin
68%
gonna
68%
If
68%
it
68%
know
68%
man
68%
Oh
68%
oh
68%
To
68%
to
68%
with
68%
you're
68%
arms
63%
don't
63%
Don't
63%
Every
63%
forget
63%
have
63%
him
63%
home
63%
is
63%
it's
63%
much
63%
on
63%
taking
63%
That
63%
whose
63%
give
58%
heart
58%
Let
58%
let
58%
night
58%
time
58%
we're
58%
all
53%
Baby
53%
eye
53%
take
53%
tell
53%
will
53%
Drifters
47%
feel
47%
gives
47%
gone
47%
guy
47%
hold
47%
alone
42%
anyone
42%
Can't
42%
Cause
42%
fun
42%
hand
42%
Like
42%
moonlight
42%
pale
42%
smile
42%
tight
42%
asks
37%
held
37%
never
37%
touch
37%
while
37%
Yes
37%
apart
32%
fine
32%
Neath
32%
sing
32%
Laugh
26%
music's
26%
must
26%
sparkling
26%
wine
26%
carry
21%
Till
21%
No matching quizzes found
Score Distribution
Percent of People with Each Score
Percentile by Number Answered
Your Score History
You have not taken this quiz